000 00629nam a22002417a 4500
003 UA-OsUOA
001 119550
007 ta
008 20161102b un ||||| |||| 00| 0 ukr d
100 _aІващенко Т. П.
090 _a821.161.2
_bІ-99
942 _cBK
040 _aUA-OsUOA
_bukr
_cUA-OsUOA
_dUA-OsUOA
245 _aСім акордів
_bп'єси
300 _a288 с.
955 _a3
041 _aukr
080 _a821.161.2
020 _a978-966-578-261-2
260 _aК.
_bДніпро
_c2015
650 7 _a82 Література. Літературознавство
_2UDC
999 _c405685
_d405685